Państwa Na Literę N - Statystyki

Ogólne statystyki
  • Ten quiz został rozwiązany 35 razy
  • Średni wynik to 8 z 9
Statystyki odpowiedzi
Państwo Kontynent % Poprawnych
Niger Afryka
97%
Nigeria Afryka
97%
Norwegia Europa
97%
Nowa Zelandia Oceania
94%
Niemcy Europa
88%
Nepal Azja
76%
Namibia Afryka
74%
Nikaragua A. Północna
71%
Nauru Oceania
65%
Nie znaleziono quizów pasujących do podanych kryteriów
Rozkład punktacji
Procent ludzi z każdym wynikiem
Percentyl według liczby udzielonych odpowiedzi
Twoja historia wyników
Nie rozwiązałeś tego quizu